00681nam a2200205Ia 4500999001500000020001800015082002000033100002000053245005200073260004500125300001300170504003600183650002800219650002600247650002900273650003000302650001000332942000700342952012600349 c6287d6287 a9780195695311 a297.09254 HAS-M aHasan, Mushirul 0aModerate or militant: images of India's muslims aNew DelhibOxford University Pressc2008 aix, 252 aincludes bibliography and index aMuslimsvIndiavHistory aIslamvIndiavHistory aIslam and culturezIndia aIslam and politicszIndia aJihad cBK 00104070aNASSDOCbNASSDOCd2008-11-18eBSBi2008-09-10l0o297.09254 HAS-Mp44771r2019-04-18 00:00:00w2019-04-18yBK